[Event "Rio Granco ACRE 1st U2000"]
[Site "Rio Granco"]
[Date "2019.07.13"]
[Round "4.2"]
[White "Neves, Luiz Augusto Moraes"]
[Black "Filho, Paulo Roberto do N"]
[Result "1-0"]
[WhiteElo "1786"]
[BlackElo "1544"]
[PlyCount "75"]
[EventDate "2019.07.12"]
[EventType "swiss"]
[EventRounds "6"]
[EventCountry "BRA"]
[SourceTitle "EXT 2022"]
[Source "ChessBase"]
[SourceDate "2021.10.06"]
[SourceVersion "1"]
[SourceVersionDate "2021.10.06"]
[SourceQuality "1"]

1. e4 c5 2. Nf3 d6 3. d4 cxd4 4. Nxd4 Nf6 5. Nc3 g6 6. Be2 Bg7 7. 0-0 0-0 8. Be3 Nc6 9. Nb3 a6 10. Qd2 b5 11. f3 h5 12. Bh6 Be6 13. Bxg7 Kxg7 14. Rad1 Qb6+ 15. Kh1 Ne5 16. Qd4 Qc7 17. Nd5 Bxd5 18. exd5 Qxc2 19. Rd2 Qc7 20. f4 Ned7 21. f5 Nb6 22. fxg6 fxg6 23. Rc1 Qb7 24. Bf3 Rac8 25. Rdc2 Rxc2 26. Rxc2 Nbxd5 27. Na5 Qb6 28. Qxb6 Nxb6 29. Bb7 Nfd5 30. h3 Nb4 31. Rc7 Rf1+ 32. Kh2 Nxa2 33. Bxa6 Rb1 34. Rxe7+ Kf6 35. Rb7 Nc4 36. Nxc4 bxc4 37. Bxc4 Nc3 38. Rf7+ 1-0

[Event "Rio Branco Acre op 3rd"]
[Site "Rio Branco"]
[Date "2018.09.07"]
[Round "2"]
[White "Neves, Luiz Augusto Moraes"]
[Black "Nery Junior, Jose Antonio"]
[Result "0-1"]
[WhiteElo "1768"]
[BlackElo "2106"]
[PlyCount "112"]
[EventDate "2018.09.06"]
[EventType "swiss"]
[EventRounds "7"]
[EventCountry "BRA"]
[SourceTitle "CBM 187 Extra"]
[Source "ChessBase"]
[SourceDate "2018.11.04"]
[SourceVersion "1"]
[SourceVersionDate "2018.11.04"]
[SourceQuality "1"]

1. d4 Nf6 2. c4 c5 3. Nf3 e6 4. e3 cxd4 5. exd4 d5 6. Nc3 Be7 7. Bd3 dxc4 8. Bxc4 a6 9. a3 b5 10. Bb3 Bb7 11. Be3 Nbd7 12. d5 exd5 13. Nxd5 Nxd5 14. Bxd5 Bxd5 15. Qxd5 0-0 16. 0-0 Nf6 17. Qb3 Qd5 18. Qxd5 Nxd5 19. Bd4 Nf4 20. Rfe1 Ne6 21. Bc3 Rfd8 22. Rad1 Rac8 23. Rxd8+ Rxd8 24. g3 Kf8 25. Kg2 Ke8 26. Re4 g6 27. Nd4 Nxd4 28. Rxd4 Rc8 29. Re4 Kd7 30. Re3 Bc5 31. Rd3+ Kc6 32. b4 Bd6 33. Bf6 Re8 34. Rd2 a5 35. Bc3 axb4 36. axb4 Re4 37. Ra2 Bxb4 38. Bxb4 Rxb4 39. Ra7 Rd4 40. Rxf7 h5 41. Kf3 Rd6 42. Ke4 b4 43. Rf8 Kb5 44. Rb8+ Kc4 45. f4 Re6+ 46. Kf3 b3 47. h3 Rd6 48. Rc8+ Kb5 49. Rc1 Rd3+ 50. Kg2 Kb4 51. g4 hxg4 52. hxg4 b2 53. Rb1 Kc3 54. Kf2 Kc2 55. Rxb2+ Kxb2 56. Ke2 Rg3 0-1

[Event "Rio Branco op"]
[Site "Rio Branco"]
[Date "2016.12.16"]
[Round "1"]
[White "Neves, Luiz Augusto Moraes"]
[Black "Delgado Ramirez, Neuris"]
[Result "0-1"]
[WhiteElo "1799"]
[BlackElo "2617"]
[PlyCount "68"]
[EventDate "2016.12.16"]
[EventType "swiss"]
[EventRounds "6"]
[EventCountry "BRA"]
[SourceTitle "CBM 176 Extra"]
[Source "ChessBase"]
[SourceDate "2017.03.02"]
[SourceVersion "1"]
[SourceVersionDate "2017.03.02"]
[SourceQuality "1"]

1. d4 Nf6 2. c4 e5 3. dxe5 Ng4 4. Bf4 Nc6 5. Nf3 Bb4+ 6. Nbd2 Qe7 7. a3 Ngxe5 8. Nxe5 Nxe5 9. Bxe5 Bxd2+ 10. Qxd2 Qxe5 11. e3 b6 12. Rd1 d6 13. Qd5 Rb8 14. Qxe5+ dxe5 15. Be2 Be6 16. 0-0 Ke7 17. Rd2 Rhd8 18. Rfd1 Rxd2 19. Rxd2 a5 20. a4 Bd7 21. b3 c6 22. Ra2 Bf5 23. f3 Kd6 24. e4 Be6 25. Kf2 Kc5 26. Rd2 Kb4 27. Rd3 b5 28. axb5 cxb5 29. cxb5 Bxb3 30. Rd7 a4 31. Ra7 a3 32. Bd3 a2 33. Ke2 Ba4 34. Rxa4+ Kxa4 0-1